000
00337nam a2200145 a 4500
008
100
_a
Lob, Udo
245
4
_a
The characteristics of diodes
907
_a
.b10175556
_b
14-09-05
_c
14-09-05
003
005
20230123134109.0
040
_c
NUST
049
_a
MAIN
942
_c
BOOKS
999
_c
159997
_d
159997